000 02575cam a2200313 i 4500
001 21844986
005 20240709125658.0
008 201215s2021 nyua b 001 0 eng
010 _a 2020056203
020 _a9781648250248
040 _aIEN/DLC
_beng
_erda
_cDLC
_dDLC
042 _apcc
043 _af------
050 0 0 _aHQ 799.2 .M352A359 2021
245 0 0 _aYouth and popular culture in Africa :
_bmedia, music, and politics /
_cedited by Paul Ugor.
260 _aRochester, NY:
_bUniversity of Rochester Press,
_c2021
300 _axi, 405 pages :
_billustrations ;
_c25 cm
490 1 _aRochester studies in African history and the diaspora,
_x1092-5228 ;
_v92
504 _aIncludes bibliographical references and index.
520 _a"The edited collection focuses on the links between young people and African popular culture. It explores popular culture produced and consumed by young people in contemporary Africa. And by "culture," we mean all kinds of texts or representations-visual, oral, written, performative, fictional, social, and virtual-created by African youth, mostly about their lives and their immediate societies, and for themselves, but also consumed by the larger public, and shared locally and globally. We proceed from the premise that cultural texts not only function as "social facts" as Karin Barber argues, but that they double as "commentaries upon, and interpretations of, social facts. They are part of social reality, but they also take up an attitude to social reality" (2007, 04). So, the work focuses specifically on what African youth produce as popular culture, under what conditions or contexts they produce such work, how they produce those texts, why they produce them, the aesthetic dimensions of these texts as cultural artifacts, and why these textual practices matter as social facts, as interpretive acts, and as cultural symbols of the general cultural activism of young people in a rapidly changing world, a world where the global cultural economy is the prime terrain for the relentless struggles over the meanings that come to shape political-economic and social systems"--
650 0 _aMass media and youth
_zAfrica.
650 0 _aYouth
_zAfrica
_xSocial conditions.
650 0 _aPopular culture
_zAfrica.
650 0 _aArts and youth
_zAfrica.
700 1 _aUgor, Paul,
_eeditor.
830 0 _aRochester studies in African history and the diaspora ;
_v92.
942 _2lcc
_cBOOKS
_hHQ 799.2 .M352A359 2021
999 _c32045
_d32045